书目信息 |
| 题名: |
中华民国史研究
|
|
| 作者: | 罗敏 主编 | |
| 分册: | 第2辑 民国时期的法律、社会与军事 | |
| 出版信息: | 北京 社会科学文献出版社 2016.10 |
|
| 页数: | 308页 | |
| 开本: | 24cm | |
| 丛书名: | ||
| 单 册: | ||
| 中图分类: | K258.07 | |
| 科图分类: | ||
| 主题词: | 民国--历史--研究 | |
| 电子资源: | ||
| ISBN: | 978-7-5097-9345-9 | |
| 000 | 00938nam0 2200253 450 | |
| 001 | 0120161946636 | |
| 005 | 20170908090405.64 | |
| 010 | @a978-7-5097-9345-9@dCNY79.00 | |
| 100 | @a20161115d2016 em y0chiy50 ea | |
| 101 | 0 | @achi@eeng |
| 102 | @aCN@b110000 | |
| 105 | @aa z 000yy | |
| 106 | @ar | |
| 200 | 1 | @a中华民国史研究@9zhong hua min guo shi yan jiu@h第2辑@i民国时期的法律、社会与军事@f罗敏主编 |
| 210 | @a北京@c社会科学文献出版社@d2016.10 | |
| 215 | @a308页@c图,照片@d24cm | |
| 304 | @a英文共同题名:Law society and militry in republican China | |
| 330 | @a本书主要内容包括:取舍两难:1912-1936年广东的鸦片法、选民教育:联省自治运动与中国选举法的变革(1920-1923)、南京国民政府的意识形态和法律:新生活运动(1934-1937)等。 | |
| 333 | @a历史相关研究人员 | |
| 606 | 0 | @a民国@x历史@x研究 |
| 690 | @aK258.07@v5 | |
| 701 | 0 | @a罗敏@9luo min@4主编 |
| 801 | 0 | @aCN@b人天书店@c20161115 |
| 905 | @b993354-59@dK258.07@e80:2@f6 | |
| 中华民国史研究.第2辑.民国时期的法律、社会与军事/罗敏主编.-北京:社会科学文献出版社,2016.10 |
| 308页:图,照片;24cm |
| 使用对象:历史相关研究人员 |
| ISBN 978-7-5097-9345-9:CNY79.00 |
| 本书主要内容包括:取舍两难:1912-1936年广东的鸦片法、选民教育:联省自治运动与中国选举法的变革(1920-1923)、南京国民政府的意识形态和法律:新生活运动(1934-1937)等。 |
| ● |
| 相关链接 |
|
|
|
|
正题名:中华民国史研究
索取号:K258.07/80:2
 
预约/预借
| 序号 | 登录号 | 条形码 | 馆藏地/架位号 | 状态 | 备注 |
| 1 | 993354 | 209933544 | 第二样本阅览室/ [索取号:K258.07/80:2] | 在馆 | |
| 2 | 993355 | 209933553 | 第二借阅区/ [索取号:K258.07/80:2] | 在馆 | |
| 3 | 993356 | 209933562 | 密集书库-史法系/ [索取号:K258.07/80:2] | 在馆 | |
| 4 | 993357 | 209933571 | 第二借阅区/ [索取号:K258.07/80:2] | 在馆 | |
| 5 | 993358 | 209933580 | 第二借阅区/ [索取号:K258.07/80:2] | 在馆 | |
| 6 | 993359 | 209933599 | 第二借阅区/ [索取号:K258.07/80:2] | 在馆 |